Prof. Milan R. Henzl, M.D., PhD., biografická črta

Bibliographic Details
Format: Article
Language:Slovak
PhysicalDescription:Fotogr. 1
Subjects:

MARC

LEADER 00000nab a2200000 a 4500
001 vtls000608023
003 SK-MaSNL
005 20260304092010.0
008 250425c1996 xo 0 slo
015 |a SNBRB19rr/mm-uuuuu 
035 |a CL0608162 
035 |a urn:nbn:sk:snk-ab34ji 
035 |a (urnnbn)urn:nbn:sk:snk:ar-a05v7m 
035 |a (uuid)1d0067eb-b062-44f1-a988-9ceab04478d5 
040 |a SNKBUCL  |b slo  |c SNKBUCL  |e AACR2 
041 0 |a slo 
044 |a xo  |c SK 
080 |a 61-051:618  |2 1981 
080 |a 618  |2 1981 
080 |a 929 Henzl, Milan R.  |2 1981 
245 0 0 |a Prof. Milan R. Henzl, M.D., PhD., biografická črta 
300 |b Fotogr. 1 
600 1 7 |a Henzl, Milan R.,  |d 1928-2005  |2 snkbucl  |9 223251 
655 7 |a články z novín a časopisov  |2 snkbucl  |9 267496 
773 0 |t Praktická gynekológia  |g Roč. 3, č. 4 (1996), s. 200 
850 |a Slovenská národná knižnica 
852 |a Slovenská národná knižnica 
954 |a odborná, vedecká literatúra pôvodná (slovenská)  |2 lita 
958 |a article27 
958 |a BC 
958 |a US 
958 |a SK 
958 |a MI 
958 |a RK 
958 |a OND 
958 |a EUIPO 
999 |c 2817721  |d 2819651